|
|
|
|
| LEADER |
00000nam0a2200000 4500 |
| 001 |
147888 |
| 005 |
20231101221326.0 |
| 010 |
|
|
|a 9785911341534
|
| 010 |
|
|
|a 978-5-16-003151-4
|
| 035 |
|
|
|a (RuTPU)RU\TPU\book\160302
|
| 090 |
|
|
|a 147888
|
| 100 |
|
|
|a 20081121d2007 m y0rusy50 ca
|
| 101 |
0 |
|
|a rus
|
| 102 |
|
|
|a RU
|
| 105 |
|
|
|a y j 001zy
|
| 200 |
1 |
|
|a Прикладная психология
|e учебное пособие
|f Н. П. Рапохин
|
| 210 |
|
|
|a Москва
|c Инфра-М
|c Форум
|d 2007
|
| 215 |
|
|
|a 432 с.
|
| 320 |
|
|
|a Библиография в конце глав.
|
| 330 |
|
|
|a В учебном пособии изложены основные положения современной прикладной научной психологии. Анализируются социально-психологические и этнопсихологические особенности поведения. Дается авторская трактовка психологической структуры личности, описаны прикладные методы ее изучения. Рассматриваются вопросы общения и оказания психологического воздействия на личность. На практических примерах раскрывается характеристика стилей и конкретных видов делового общения. Излагаются особенности установления и поддержания деловых контактов с представителями различных национальных культур. Рекомендуется студентам, специализирующимся в области менеджмента и международных отношений. Пособие может быть также использовано студентами и преподавателями психологических и педагогических факультетов вузов и колледжей, будущими воспитателями и социальными работниками.
|
| 606 |
1 |
|
|a Психология общая
|2 stltpush
|3 (RuTPU)RU\TPU\subj\53137
|9 71487
|
| 610 |
1 |
|
|a психология
|
| 610 |
1 |
|
|a психологическая подготовка
|
| 610 |
1 |
|
|a личность
|
| 610 |
1 |
|
|a социальная психология
|
| 610 |
1 |
|
|a аномальное поведение
|
| 610 |
1 |
|
|a деловые партнеры
|
| 610 |
1 |
|
|a межличностные отношения
|
| 610 |
1 |
|
|a деловое общение
|
| 610 |
1 |
|
|a психологическое воздействие
|
| 610 |
1 |
|
|a авторитетный стиль
|
| 610 |
1 |
|
|a авторитарный стиль
|
| 610 |
1 |
|
|a манипулирование
|
| 610 |
1 |
|
|a деловые переговоры
|
| 610 |
1 |
|
|a конфликты
|
| 610 |
1 |
|
|a дипломатические переговоры
|
| 610 |
1 |
|
|a презентации
|
| 610 |
1 |
|
|a этнопсихология
|
| 610 |
1 |
|
|a национальная психология
|
| 610 |
1 |
|
|a американцы
|
| 610 |
1 |
|
|a немцы
|
| 610 |
1 |
|
|a англичане
|
| 610 |
1 |
|
|a китайцы
|
| 610 |
1 |
|
|a корейцы
|
| 610 |
1 |
|
|a японцы
|
| 610 |
1 |
|
|a арабы
|
| 610 |
1 |
|
|a стили общения
|
| 610 |
1 |
|
|a учебные пособия
|
| 686 |
|
|
|a Ю93я73
|v LBC/SL-A
|2 rubbk
|
| 700 |
|
1 |
|a Рапохин
|b Н. П.
|g Николай Павлович
|
| 801 |
|
1 |
|a RU
|b 63413507
|c 20081121
|g PSBO
|
| 801 |
|
2 |
|a RU
|b 63413507
|c 20150618
|g PSBO
|
| 900 |
|
|
|a Прикладная психология
|
| 900 |
|
|
|a Психология
|
| 942 |
|
|
|c BK
|
| 954 |
|
|
|b 030700
|b 030701
|b 030300
|b 030301
|b 050700
|b 080500
|
| 959 |
|
|
|a 111/20081114
|d 2
|e 154,90
|f АНЛ:1
|f ЧЗГЛ:1
|